| 000 | 01077nam a2200301 i 4500 | ||
|---|---|---|---|
| 003 | EG-GICUC | ||
| 005 | 20260426082036.0 | ||
| 008 | 260426s1873 fr |||fr|||| 00| 0 fre d | ||
| 040 |
_aEG-GiCUC _bfre _cEG-GiCUC _dEG-GiCUC _eRda |
||
| 041 | _afre | ||
| 082 | 0 | 4 |
_221 _a343.766 _bEN |
| 092 | 0 | 4 | _221 |
| 099 | _aLaw1 10 343.766 EN 1973 | ||
| 245 | 0 | 0 |
_aENQUÊTE PARLEMENTAIRE SUR LE RÉGIME DES ÉTABLISSEMENTS PÉNITENTIAIRES. _nTome Quatrieme, _pRapports des D'Appel De Fbance. |
| 264 | 1 |
_aParis : _bImprimerie Nationale, _c1873. |
|
| 300 |
_axix, 511 page ; _c 24 cm. |
||
| 336 |
_2rda contenu _a texte |
||
| 337 |
_2rda medias _aOrdinateur |
||
| 338 |
_2 transporteur rda _a Ressource en ligne |
||
| 490 | 1 |
_aAssemblee Nationale 1873. _vNo. 1676. |
|
| 500 | _aANNEXE AU PROCES VERBAL DE LA SEANCE DU IS MARS 1875 | ||
| 546 | _aTexte en français | ||
| 650 | 1 | 4 |
_aPrisons et établissements pénitentiaires et correctionnels _2qrmak |
| 651 | 1 | _2qrmak | |
| 856 | 4 | 0 | _uhttps://fll.law.cu.edu.eg/fulltext/bks/B10-11104.pdf |
| 905 | _a161 | ||
| 942 |
_2ddc _cBK _e21 _n0 |
||
| 999 |
_c73393 _d73393 |
||